[Event "Tournament (open)\"]
[Site "masterchessopen.com St. Petersburg (Russia)"]
[Round "9"]
[White "Nikolaev Vadim S (RUS)"]
[Black "Astashov Gleb (RUS)"]
[Result "1-0"]
[WhiteElo "2212"]
[BlackElo "2305"]

1.d4 d5 2.c4 dxc4 3.e3 Nf6 4.Bxc4 a6 5.Nf3 e6 6.O-O c5 7.Qe2 b5 8.Bb3 Bb7
9.Rd1 cxd4 10.Nxd4 Nbd7 11.a4 b4 12.Nd2 Bc5 13.Nc4 O-O 14.Bc2 Qc7 15.Nb3 Bd5
16.Nxc5 Nxc5 17.a5 b3 18.Bb1 Rad8 19.Rf1 e5 20.e4 Ncxe4 21.Ne3 Be6 22.f3 Nc5
23.Bd2 Bd7 24.Rc1 Bb5 25.Qf2 Rd4 26.Nf5 Rc4 27.Rxc4 Bxc4 28.Qg3 g6 29.Qh4 Ncd7
30.Nh6+ Kg7 31.Be4 Qc5+ 32.Kh1 Be6 33.h3 Qd4 34.Bc3 Qe3 35.Ng4 Bxg4 36.hxg4 g5
37.Qe1 Qxe1+ 38.Rxe1 Nxe4 39.Rxe4 Re8 40.Rc4 Re6 41.Rc7 Rd6 42.Rb7 f6 43.Rxb3
Nc5 44.Rb8 Na4 45.Bb4 Rd1+ 46.Kh2 {#r} 1-0

[Event "Cup Atlantic Airways (b)"]
[Site "masterchessopen.com Torshavn (Faroe Islands)"]
[Round "5"]
[White "Hansen Herluf (FAI)"]
[Black "Ziska Bogi (FAI)"]
[Result "0-1"]
[WhiteElo "2032"]
[BlackElo "2202"]

1.d4 d5 2.c4 dxc4 3.Nf3 Nf6 4.e3 e6 5.Bxc4 c5 6.O-O a6 7.Qe2 b5 8.Bb3 Bb7
9.Rd1 Nbd7 10.a4 b4 11.Nbd2 Be7 12.e4 cxd4 13.e5 Nd5 14.Ne4 Qb8 15.Bg5 Nxe5
16.Rxd4 Nxf3+ 17.Qxf3 f6 18.Bd2 O-O 19.Re1 Qe5 20.Rc4 Qxb2 21.Rc2 Qd4 22.Ng3
Rac8 23.Ne2 Qb6 24.Rxc8 Bxc8 25.Ng3 Bc5 26.Re2 Kh8 27.h4 Bb7 28.a5 Qc6 29.Re1
Bd4 30.Bxd5 Qxd5 31.Bxb4 Rc8 32.Qxd5 Bxd5 33.Rd1 Be5 34.Nf1 h5 35.Ne3 Bb3
36.Rb1 Ba4 37.Be1 Bb5 38.f3 Bd4 39.Bf2 Rc3 40.Nd1 Bxf2+ 41.Nxf2 Ra3 42.Ne4
Rxa5 43.Nd6 Bd3 44.Rb7 Bg6 45.Kh2 Rd5 46.Rb6 a5 47.Nc4 Rc5 48.Nb2 e5 49.Na4
Rc4 50.Nb2 Rxh4+ {#R} 0-1

[Event "Ch Hungary (team) 2002/03"]
[Site "masterchessopen.com Hungary"]
[Date "2003.03.02"]
[Round "8"]
[White "Danner Georg (AUT)"]
[Black "Horvath Adam (HUN)"]
[Result "0-1"]
[WhiteElo "2436"]
[BlackElo "2532"]

1.d4 d5 2.Nf3 Nf6 3.c4 dxc4 4.e3 e6 5.Bxc4 a6 6.O-O c5 7.Qe2 b5 8.Bb3 Bb7
9.Rd1 Nbd7 10.Nc3 Qb6 11.d5 exd5 12.Nxd5 Nxd5 13.Bxd5 Bxd5 14.Rxd5 Qb7 15.e4
Be7 16.Bg5 f6 17.Bf4 O-O 18.Rad1 Nb6 19.R5d2 Rfe8 20.e5 c4 21.e6 Bb4 22.Rd4
Bc5 23.Re4 Rad8 24.Rxd8 Rxd8 25.h4 Qd5 26.Bc7 Re8 27.Bxb6 Bxb6 28.g4 Bc7 29.h5
h6 30.Nh4 Be5 31.f4 Bxb2 32.Nf5 c3 33.Qc2 Rxe6 34.Ne7+ Rxe7 35.Rxe7 Qc5+
36.Kg2 Qxe7 37.Qf5 Qe2+ 38.Kg3 Qc4 39.Qd7 Ba3 40.Qd8+ Bf8 {#R} 0-1

[Event "Ch Poland (team) (2nd liga)"]
[Site "masterchessopen.com Poland"]
[Date "2003.09.14"]
[Round "11"]
[White "Markiewicz Jerzy (POL)"]
[Black "Szymczak Zbigniew (POL)"]
[Result "0-1"]
[WhiteElo "2316"]
[BlackElo "2295"]

1.d4 d5 2.c4 dxc4 3.e3 Nf6 4.Bxc4 e6 5.Nf3 a6 6.O-O c5 7.Qe2 b5 8.Bb3 Bb7 9.a4
Nbd7 10.axb5 axb5 11.Rxa8 Qxa8 12.Nc3 b4 13.Nb5 Qb8 14.e4 cxd4 15.Nbxd4 Be7
16.e5 Nd5 17.Re1 O-O 18.Bc2 Rc8 19.Qe4 Nf8 20.Qg4 Nc7 21.h4 Nb5 22.Bb3 Nxd4
23.Nxd4 Rxc1 24.Rxc1 Qxe5 25.Nc6 Bxc6 26.Rxc6 Qe1+ 27.Kh2 Qxf2 28.h5 Qxb2
29.Qf3 h6 30.Rc8 Bd6+ 31.Kh3 Qe5 32.g3 f5 33.Re8 Kf7 34.Ra8 Nh7 35.Qd3 Ng5+
36.Kg2 Ne4 37.Ra7+ Kf6 38.Ra6 Qc5 39.Qe2 Qc3 40.Qf3 Qb2+ 41.Kg1 Bc5+ 42.Kh1
Nf2+ {#R} 0-1

[Event "Ch Russia (juniors) (under 14)"]
[Site "masterchessopen.com Dagomys (Russia)"]
[Round "4"]
[White "Belmeskin Ilia (RUS)"]
[Black "Rozhkov Vecheslav (RUS)"]
[Result "1-0"]
[WhiteElo "2220"]
[BlackElo "2175"]

1.d4 d5 2.c4 dxc4 3.Nf3 Nf6 4.e3 e6 5.Bxc4 c5 6.O-O a6 7.Qe2 b5 8.Bb3 Bb7
9.Rd1 Qc7 10.Nc3 c4 11.Bc2 b4 12.Na4 Qc6 13.e4 b3 14.axb3 cxb3 15.Bd3 Nbd7
16.Bf4 Nxe4 17.Rdc1 Qd5 18.Rc7 f5 19.Bc4 Qa5 20.Rxb7 {#r} 1-0

[Event "Ch Paris (open)"]
[Site "masterchessopen.com Paris (France)"]
[Date "2004.07.05"]
[Round "3"]
[White "Lacrosse Marc (BEL)"]
[Black "L'Henoret Thierry (FRA)"]
[Result "0-1"]
[WhiteElo "2264"]
[BlackElo "2164"]

1.d4 d5 2.c4 dxc4 3.Nf3 Nf6 4.e3 e6 5.Bxc4 c5 6.O-O a6 7.Qe2 b5 8.Bb3 Bb7
9.Rd1 Nbd7 10.e4 cxd4 11.e5 Ng4 12.Nxd4 Ngxe5 13.Bxe6 fxe6 14.Nxe6 Qb6 15.Nxf8
Rxf8 16.Be3 Qg6 {#R} 0-1

[Event "It (open)"]
[Site "masterchessopen.com Plancoet (France)"]
[Date "2004.07.25"]
[Round "1"]
[White "Istratescu Andrei (ROM)"]
[Black "Viot Alain (FRA)"]
[Result "1-0"]
[WhiteElo "2611"]
[BlackElo "2121"]

1.d4 d5 2.c4 dxc4 3.e3 Nf6 4.Bxc4 e6 5.Nf3 c5 6.O-O a6 7.Qe2 b5 8.Bb3 Bb7 9.a4
Qb6 10.axb5 axb5 11.Rxa8 Bxa8 12.dxc5 Bxc5 13.Nc3 Bc6 14.Ne5 b4 15.Na4 Bxa4
16.Bxa4+ Ke7 17.b3 Rd8 18.Bb2 Bd6 19.Rc1 Bxe5 20.Bxe5 Nbd7 21.Bc7 Rc8 22.Qc4
Qb7 23.Bd6+ {#r} 1-0

[Event "Extra League 2004"]
[Site "masterchessopen.com Dzwirzyno (Poland)"]
[Round "0"]
[White "Lagowski Patryk (POL)"]
[Black "Grabarczyk Miroslaw (POL)"]
[Result "0-1"]
[WhiteElo "2406"]
[BlackElo "2470"]

1.d4 d5 2.Nf3 Nf6 3.c4 dxc4 4.e3 a6 5.Bxc4 e6 6.O-O c5 7.Qe2 b5 8.Bb3 Bb7 9.a4
b4 10.Rd1 Nbd7 11.a5 Be7 12.Nbd2 O-O 13.Nc4 Qc7 14.Nfe5 Rad8 15.Bd2 cxd4
16.exd4 Nxe5 17.dxe5 Ne4 18.Be3 Nc5 19.Bc2 Qc6 20.Qg4 h5 21.Qh3 b3 22.Rxd8
Rxd8 23.Bd1 Qa4 24.Na3 Nd3 25.Bb6 Rd7 26.Bxh5 Nf4 27.Qg4 Bxa3 28.Be3 Qe4
29.Bxf4 Bxb2 30.Rf1 Rd4 {#R} 0-1

[Event "Ch Europe (juniors) (under 16)"]
[Site "masterchessopen.com Urgup (Turkey)"]
[Date "2004.08.02"]
[Round "5"]
[White "Mcphillips Karl (IRL)"]
[Black "Kislov Oleg (BLR)"]
[Result "1-0"]
[WhiteElo "2228"]
[BlackElo "2209"]

1.d4 d5 2.c4 dxc4 3.Nf3 Nf6 4.e3 e6 5.Bxc4 c5 6.O-O a6 7.Qe2 b5 8.Bb3 Bb7
9.Rd1 Nbd7 10.Nc3 b4 11.Nb1 Be7 12.Nbd2 O-O 13.e4 Qc7 14.e5 Nd5 15.Nc4 h6
16.Bc2 Rfd8 17.Qe4 Nf8 18.Qg4 Kh8 19.Rd3 cxd4 20.Nfd2 Ng6 21.Rxd4 Ndf4 22.Rxf4
Nxf4 23.Qxf4 Bg5 24.Qg4 a5 25.Nf3 Bxc1 26.Rxc1 Ba6 27.Qe4 g6 28.Nd6 Kg8 29.Qf4
Rac8 30.Nxc8 Qxc2 31.Nd6 {#r} 1-0

[Event "Tournament (regional)"]
[Site "masterchessopen.com Wetzlar (Germany)"]
[Date "2004.09.10"]
[Round "2"]
[White "Rubel Julian (GER)"]
[Black "Bauch Frank (GER)"]
[Result "1-0"]
[WhiteElo "2063"]
[BlackElo "1972"]

1.d4 d5 2.c4 dxc4 3.Nf3 Nf6 4.e3 e6 5.Bxc4 c5 6.Qe2 a6 7.O-O b5 8.Bb3 Bb7
9.Rd1 Nbd7 10.Nc3 Qb6 11.a4 b4 12.a5 Qc7 13.Nb1 Be7 14.Nbd2 O-O 15.e4 cxd4
16.Nxd4 Nc5 17.Bc2 Rfd8 18.Qc4 Rac8 19.e5 Qxe5 20.N2f3 Qc7 21.Bg5 Nce4 22.Qxc7
Rxc7 23.Bf4 Rcc8 24.Rac1 h6 25.Bd3 Bc5 26.Be2 g5 27.Be5 Ng4 28.Bg3 Nxg3
29.hxg3 Bxd4 30.Nxd4 Rxc1 31.Rxc1 Rxd4 32.Rc7 Bd5 33.Kf1 Ne5 34.Bxa6 Nc4
35.Rc5 Nxb2 36.Bb5 Bc4+ 37.Bxc4 Nxc4 38.a6 g4 39.a7 Rd1+ 40.Ke2 Rd2+ 41.Ke1
Rd8 42.Rb5 {#r} 1-0

[Event "Ch Ukraine (juniors) (under 16)"]
[Site "masterchessopen.com Donetsk (Ukraine)"]
[Date "2005.02.22"]
[Round "6"]
[White "Grinev Valeriy (UKR)"]
[Black "Shvets Sergey (UKR)"]
[Result "0-1"]
[WhiteElo "2258"]
[BlackElo "2208"]

1.d4 d5 2.c4 dxc4 3.Nf3 Nf6 4.e3 e6 5.Bxc4 c5 6.O-O a6 7.Qe2 b5 8.Bb3 Bb7 9.a4
b4 10.Rd1 Nbd7 11.Nbd2 cxd4 12.Nxd4 Bc5 13.Bc2 O-O 14.N2b3 Ba7 15.e4 Qc7
16.Bg5 Bb8 17.Nf3 e5 18.Rac1 a5 19.Bd3 Qb6 20.Be3 Qe6 21.Nc5 Nxc5 22.Bxc5 Rc8
23.Ng5 Qg4 24.Qxg4 Nxg4 25.h3 Nh6 26.Bb6 Rxc1 27.Rxc1 Bd6 28.b3 g6 29.Kf1 Kg7
30.Bc7 Rc8 31.Bxd6 Rxc1+ 32.Ke2 Rc6 33.Bxe5+ f6 34.Bb2 Ba6 35.Nf3 Rc2+ {#R}
0-1

[Event "Ch Russia (club) (w)"]
[Site "masterchessopen.com Sochi (Russia)"]
[Round "5"]
[White "Gromova Iulia (RUS)"]
[Black "Chistiakova Tamara (RUS)"]
[Result "0-1"]
[WhiteElo "2137"]
[BlackElo "2321"]

1.d4 d5 2.c4 dxc4 3.Nf3 a6 4.e3 e6 5.Bxc4 c5 6.O-O Nf6 7.Qe2 b5 8.Bb3 Bb7 9.a4
b4 10.Nbd2 Nbd7 11.e4 cxd4 12.e5 d3 13.Qxd3 Nd5 14.Ne4 Nc5 15.Nxc5 Bxc5 16.a5
Qd7 17.Ng5 Bc6 18.Bc4 Bb5 19.Bxb5 Qxb5 20.Qf3 O-O 21.Qe4 g6 22.Qh4 h5 23.Ne4
Rfc8 24.g4 Qe2 25.gxh5 Be7 26.Bg5 Bxg5 27.Nxg5 Rc4 28.f4 Nxf4 29.Qg3 Qxe5
30.Kh1 Qd5+ 31.Qf3 Qxf3+ 32.Nxf3 Nxh5 33.Ne5 Rc7 34.Nd3 Rb8 35.Ra4 b3 36.Nb4
Rc4 37.Nxa6 Rxa4 38.Nxb8 Rxa5 39.Rf3 Rb5 40.Nc6 e5 41.Rc3 Nf4 42.h3 Kg7 43.Na7
Rb7 44.Nc8 Ne6 45.Nd6 Rb4 46.Nc4 f6 47.Nd2 Nd4 48.Ne4 Rb7 {#R} 0-1

[Event "Tournament (team) (juniors)"]
[Site "masterchessopen.com Evpatoria (Ukraine)"]
[Date "2005.05.05"]
[Round "5"]
[White "Kovalenko Igor (UKR)"]
[Black "Shvets Sergey (UKR)"]
[Result "1-0"]
[WhiteElo "2299"]
[BlackElo "2208"]

1.d4 d5 2.Nf3 Nf6 3.c4 dxc4 4.e3 e6 5.Bxc4 c5 6.O-O a6 7.Qe2 b5 8.Bb3 Bb7
9.Rd1 Nbd7 10.a4 b4 11.Ne5 Qc7 12.Nxd7 Nxd7 13.Nd2 Be7 14.Nf3 O-O 15.Bd2 Rac8
16.Rac1 Qb8 17.Be1 Rfd8 18.a5 Qa8 19.Bc4 Nb8 20.dxc5 Rxd1 21.Rxd1 Bxc5 22.Ng5
Be7 23.Nxe6 Bxg2 24.Qg4 Bf6 25.Ng5 Rc5 26.Nxf7 Kf8 27.Bxb4 {#r} 1-0

[Event "Tournament (juniors) (under 16) (g)"]
[Site "masterchessopen.com Ermionh Argolidas (Greece)"]
[Date "2005.06.27"]
[Round "2"]
[White "Tsarouha Menexenia (GRE)"]
[Black "Ikonomopoulou Maria (GRE)"]
[Result "0-1"]
[WhiteElo "1752"]
[BlackElo "2006"]

1.d4 d5 2.c4 dxc4 3.Nf3 Nf6 4.e3 e6 5.Bxc4 c5 6.O-O a6 7.Qe2 b5 8.Bb3 Bb7 9.a4
Nbd7 10.Nbd2 c4 11.Bc2 Nd5 12.e4 Nf4 13.Qe3 Bd6 14.b3 c3 15.Nb1 b4 16.Rd1 Nf6
17.Qe1 N6h5 18.d5 e5 19.Kf1 Bc8 20.Nxc3 Bg4 21.Bxf4 Nxf4 22.Ne2 Qf6 23.Nxf4
Bxf3 24.Ne2 Bg4 25.Rdc1 O-O 26.Ng3 Qh6 27.Kg1 Rac8 28.Bd3 a5 29.Bb5 Bc5 30.Rc2
Qf4 31.Rac1 Bd4 32.Bd3 Bc3 33.Qf1 Qg5 34.Ne2 Bd2 35.Rxc8 Rxc8 36.Rxc8+ Bxc8
37.Qd1 Bg4 38.h3 Bxh3 39.Ng3 Bd7 40.Qc2 Bc3 41.Qe2 Bd4 42.Qd1 Qxg3 43.Qc2
Bxf2+ 44.Kf1 Bd4 45.Qe2 Bg4 46.Qc2 Qf4+ 47.Ke1 Bc3+ {#R} 0-1

[Event "Ch Greece (team)"]
[Site "masterchessopen.com Greece"]
[Date "2005.07.08"]
[Round "6"]
[White "Saulyte Gabriele (LTU)"]
[Black "Ikonomopoulou Maria (GRE)"]
[Result "1-0"]
[WhiteElo "2026"]
[BlackElo "2006"]

1.d4 d5 2.c4 dxc4 3.Nf3 Nf6 4.e3 e6 5.Bxc4 c5 6.O-O a6 7.Qe2 b5 8.Bb3 Bb7
9.Rd1 Nbd7 10.Nc3 Qb8 11.d5 c4 12.dxe6 fxe6 13.Bc2 Bd6 14.e4 O-O 15.b3 Ne5
16.Nd4 Neg4 17.g3 Be5 18.Bb2 Qa7 19.Nxe6 Nxe4 20.Nxe4 Bxe4 21.Bd4 Bxd4 22.Rxd4
Bf3 23.Qd2 Nxf2 24.Qxf2 Rae8 25.Ng5 Be2 26.Bxh7+ Kh8 27.Bg6 {#r} 1-0

[Event "It (open)"]
[Site "masterchessopen.com Biel (Switzerland)"]
[Date "2005.07.25"]
[Round "7"]
[White "Sutter Oliver (SUI)"]
[Black "Guthrie Aaron (AUS)"]
[Result "1-0"]
[WhiteElo "2403"]
[BlackElo "2257"]

1.d4 d5 2.Nf3 Nf6 3.c4 dxc4 4.e3 e6 5.Bxc4 c5 6.O-O a6 7.Qe2 b5 8.Bb3 Bb7
9.Nc3 Nbd7 10.Rd1 Qb6 11.a4 b4 12.a5 Qc7 13.Na4 Rc8 14.Bd2 c4 15.Rdc1 Bd5
16.Nb6 c3 17.bxc3 Nxb6 18.axb6 Qxb6 19.Rxa6 Bxf3 20.gxf3 Qb7 21.Ba4+ Kd8
22.cxb4 Rxc1+ 23.Bxc1 Nd5 24.Bc6 Qxb4 25.Ra8+ Kc7 26.Bxd5 exd5 27.Qa6 {#r} 1-0

[Event "Memorial L.Rudenko (w)"]
[Site "masterchessopen.com St. Petersburg (Russia)"]
[Date "2005.08.28"]
[Round "9"]
[White "Gromova Iulia (RUS)"]
[Black "Yakovich Yuliya (RUS)"]
[Result "1-0"]
[WhiteElo "2137"]
[BlackElo "2070"]

1.d4 d5 2.c4 dxc4 3.Nf3 a6 4.e3 e6 5.Bxc4 c5 6.O-O Nf6 7.Qe2 b5 8.Bb3 Bb7 9.a4
Nbd7 10.Rd1 Be7 11.Nbd2 bxa4 12.Bxa4 O-O 13.e4 cxd4 14.e5 Nd5 15.Ne4 Qc7
16.Neg5 Nc5 17.Bc2 d3 18.Bxd3 Nxd3 19.Qxd3 g6 20.h4 Rfd8 21.Bd2 a5 22.Rac1 Qb6
23.Qb1 Ba6 24.Qe4 Bc5 25.h5 Bxf2+ 26.Kh2 Ne3 27.hxg6 hxg6 28.Rc6 Qb7 29.Bxe3
Bxe3 30.Rxd8+ Rxd8 31.Qh4 Bxg5 32.Nxg5 Rd2 33.Qh7+ Kf8 34.Rc8+ Rd8 35.Qh8+
{#r} 1-0

[Event "Ch Russia (students)"]
[Site "masterchessopen.com Nizhnij Tagil (Russia)"]
[Date "2005.10.11"]
[Round "8"]
[White "Dyachkov Sergej (RUS)"]
[Black "Torbin Kirill (RUS)"]
[Result "0-1"]
[WhiteElo "2580"]
[BlackElo "2351"]

1.Nf3 d5 2.c4 dxc4 3.e3 Nf6 4.Bxc4 e6 5.O-O a6 6.d4 c5 7.Qe2 b5 8.Bb3 Bb7 9.a4
b4 10.Nbd2 Nbd7 11.a5 Be7 12.Nc4 O-O 13.Bd2 Bd5 14.Rfc1 Qb8 15.Ba4 Qb7 16.Nfe5
Rad8 17.Nxd7 Nxd7 18.Bxd7 Rxd7 19.Nb6 Bxg2 20.Nxd7 Bf3 21.Qd3 Qxd7 22.e4 Qxd4
23.Qxd4 cxd4 24.e5 h6 25.Rc7 Bg5 26.Bxg5 hxg5 27.Rd7 Bd5 28.Rc1 Kh7 29.Ra7 d3
30.Rd1 Rc8 31.f3 Rc2 32.Rxd3 Rxb2 33.Rd4 b3 {#R} 0-1

[Event "It (open) \"]
[Site "masterchessopen.com Athens (Greece)"]
[Date "2005.11.30"]
[Round "4"]
[White "Shahtahtinsky Alekper (GRE)"]
[Black "Papargiriou Anastasios (GRE)"]
[Result "1-0"]
[WhiteElo "2288"]
[BlackElo "1956"]

1.d4 d5 2.Nf3 Nf6 3.c4 dxc4 4.e3 e6 5.Bxc4 c5 6.O-O a6 7.Qe2 b5 8.Bb3 Bb7 9.a4
b4 10.Nbd2 Nbd7 11.a5 Be7 12.Bc4 O-O 13.b3 cxd4 14.Nxd4 Nd5 15.Bb2 Kh8 16.Rfc1
Nc3 17.Bxc3 bxc3 18.Rxc3 Bb4 19.Rc2 e5 20.N4f3 f5 21.Nf1 Qf6 22.Rd1 e4 23.Rxd7
exf3 24.gxf3 Bc8 25.Rd4 Bxa5 26.f4 g5 27.fxg5 Qxg5+ 28.Ng3 Bc7 29.Bd5 Ra7
30.Rdc4 f4 31.Rxc7 fxg3 32.hxg3 Rxc7 33.Rxc7 Qe5 34.Qc2 Bf5 35.Qc3 {#r} 1-0

[Event "It (open)"]
[Site "masterchessopen.com Bajmok (Yugoslavia)"]
[Date "2005.12.29"]
[Round "5"]
[White "Ikras Djura (SRB)"]
[Black "Tatalovic Dusan (SRB)"]
[Result "0-1"]
[WhiteElo "2131"]
[BlackElo "2271"]

1.d4 d5 2.Nf3 Nf6 3.e3 e6 4.c4 dxc4 5.Bxc4 a6 6.O-O c5 7.Qe2 b5 8.Bb3 Bb7 9.a4
Nbd7 10.Rd1 Qb6 11.axb5 axb5 12.Rxa8+ Bxa8 13.Nc3 c4 14.Bc2 b4 15.Na4 Qc6
16.b3 c3 17.Bd3 Bd6 18.Bb5 Qc7 19.e4 Bxe4 20.Ne5 Bd5 21.Nc5 Bxc5 22.dxc5 O-O
23.Nxd7 Nxd7 24.Bxd7 Qxd7 25.Qg4 Qb7 26.Rd4 f5 27.Qh4 Rb8 28.Bf4 c2 29.Bd2 Qa7
30.Qg5 Qa1+ {#R} 0-1

[Event "Ch Poland (juniors) (under 18)"]
[Site "masterchessopen.com Leba (Poland)"]
[Date "2006.03.27"]
[Round "4"]
[White "Pazdziora Michal (POL)"]
[Black "Wlodarski Michal (POL)"]
[Result "1-0"]
[WhiteElo "2191"]
[BlackElo "1908"]

1.d4 d5 2.c4 dxc4 3.Nf3 Nf6 4.e3 e6 5.Bxc4 c5 6.O-O a6 7.Qe2 b5 8.Bb3 Bb7 9.a4
c4 10.Bc2 Nc6 11.Nc3 Qb6 12.Rd1 Be7 13.axb5 axb5 14.Rxa8+ Bxa8 15.e4 Nb4
16.Bb1 O-O 17.e5 Bxf3 18.Qxf3 Nfd5 19.Qh3 g6 20.Ne4 Qd8 21.Qh6 f5 22.exf6 Bxf6
23.Ng5 Bxg5 24.Bxg5 Qc7 25.Re1 Qf7 26.f3 Nc6 27.Qh4 Nde7 28.Qe4 Rd8 29.Qxe6
Qxe6 30.Rxe6 Rxd4 31.Be4 Kf7 32.Rf6+ Kg7 33.Bxc6 h6 34.Re6 Rd1+ 35.Kf2 Nxc6
36.Bf6+ Kf7 37.Rxc6 b4 38.Be5 {#r} 1-0

[Event "Olympiad (w)"]
[Site "masterchessopen.com Turin (Italy)"]
[Round "10"]
[White "Morales Mendoza Luciana (PER)"]
[Black "Thomas Vanessa (JAM)"]
[Result "1-0"]
[WhiteElo "2219"]
[BlackElo "1945"]

1.Nf3 d5 2.d4 Nf6 3.c4 dxc4 4.e3 e6 5.Bxc4 a6 6.O-O c5 7.Qe2 b5 8.Bb3 Bb7
9.Rd1 Nbd7 10.Nc3 Qc7 11.d5 e5 12.e4 Bd6 13.Nh4 g6 14.Bc2 O-O-O 15.b3 h5
16.Bd3 Nb8 17.Bg5 Be7 18.Qd2 Nh7 19.Bxe7 Qxe7 20.g3 Ng5 21.Rac1 Qf6 22.a4 b4
23.Na2 Nd7 24.Nxb4 Nf3+ 25.Nxf3 Qxf3 26.Nxa6 Bxa6 27.Bxa6+ Kb8 28.Qa5 Nf6
29.Qb6+ {#r} 1-0

[Event "Memorial Crespi (open)"]
[Site "masterchessopen.com Milan (Italy)"]
[Date "2006.12.09"]
[Round "5"]
[White "Sardo Gabriele (ITA)"]
[Black "Martinez Rolly (PHI)"]
[Result "0-1"]
[WhiteElo "2258"]
[BlackElo "2411"]

1.d4 d5 2.c4 dxc4 3.Nf3 Nf6 4.e3 e6 5.Bxc4 c5 6.O-O a6 7.Qe2 b5 8.Bb3 Bb7
9.Rd1 Nbd7 10.a4 Be7 11.axb5 axb5 12.Rxa8 Qxa8 13.Nbd2 Bc6 14.Bc2 cxd4 15.Nxd4
Bxg2 16.f3 Bh3 17.Ne4 O-O 18.Ng5 e5 19.Nxb5 Be6 20.Nc7 Qc6 21.Ncxe6 fxe6
22.Bb3 Nc5 23.Qc4 Kh8 24.Nxe6 Qxf3 25.Rf1 Qb7 26.Nxf8 Nxb3 27.Ne6 Nxc1 28.Rxc1
Qf3 29.Re1 h6 30.Nc5 Ng4 31.b4 Qf2+ {#R} 0-1

[Event "It (open)"]
[Site "masterchessopen.com Singapore"]
[Date "2006.12.28"]
[Round "6"]
[White "Vijayalakshmi Subbaraman (IND)"]
[Black "Makinano Anthony (PHI)"]
[Result "1-0"]
[WhiteElo "2424"]
[BlackElo "2337"]

1.d4 d5 2.c4 dxc4 3.Nf3 Nf6 4.e3 e6 5.Bxc4 c5 6.O-O a6 7.Qe2 b5 8.Bb3 Bb7
9.Rd1 Nbd7 10.Nbd2 Qb6 11.Nf1 Be7 12.Ng3 O-O 13.e4 cxd4 14.Nxd4 Bc5 15.Be3
Rfd8 16.f3 Ne5 17.Nc2 a5 18.a3 Ba6 19.Bxc5 Qxc5+ 20.Qe3 Qc7 21.Ne1 Neg4
22.fxg4 Nxg4 23.Rxd8+ Rxd8 24.Rc1 Qb8 25.Qg5 Qa7+ 26.Qc5 Qa8 27.Rd1 Rc8 28.Qd4
Qb8 29.e5 Nxe5 30.Nh5 b4 31.Nf3 Nxf3+ 32.gxf3 e5 33.Qd7 Rf8 34.Kh1 bxa3 35.Qf5
g6 36.Qf6 {#r} 1-0

[Event "Ch Switzerland (team) 2007"]
[Site "masterchessopen.com Switzerland"]
[Date "2007.02.25"]
[Round "1"]
[White "Rueetschi Urs (SUI)"]
[Black "Kamber Bruno (SUI)"]
[Result "1-0"]
[WhiteElo "2301"]
[BlackElo "2329"]

1.d4 d5 2.c4 dxc4 3.Nf3 e6 4.e3 Nf6 5.Bxc4 c5 6.O-O a6 7.Qe2 b5 8.Bb3 Bb7
9.Rd1 Nbd7 10.Nc3 Qb8 11.d5 exd5 12.Nxd5 c4 13.e4 cxb3 14.Bf4 Qa7 15.Nc7+ Kd8
16.Ng5 Bc5 17.Nxa8 Qxa8 18.Nxf7+ Ke7 19.Nxh8 Qxh8 20.Rac1 bxa2 21.Rxc5 Nxc5
22.Bd6+ Kf7 23.Bxc5 Bxe4 24.b3 Bb1 25.Bd4 Qe8 26.Qd2 Qe4 27.Rc1 Nd5 28.Ba1 h6
29.Rc5 Nf6 30.Rc7+ Kg6 31.Qc3 Ne8 32.h3 Nxc7 33.Qxg7+ {#r} 1-0

[Event "Ch PriFO"]
[Site "masterchessopen.com Toljatti (Russia)"]
[Date "2007.03.22"]
[Round "1"]
[White "Gavariev Renat (RUS)"]
[Black "Savostin Artem (RUS)"]
[Result "1-0"]
[WhiteElo "2338"]
[BlackElo "2036"]

1.d4 d5 2.c4 dxc4 3.Nf3 Nf6 4.e3 e6 5.Bxc4 c5 6.O-O a6 7.Qe2 b5 8.Bb3 Bb7
9.Rd1 Qc7 10.Nc3 Nbd7 11.d5 exd5 12.Nxd5 Nxd5 13.Bxd5 Bxd5 14.Rxd5 Be7 15.Rd1
O-O 16.a4 c4 17.Nd4 b4 18.Nf5 Bf6 19.e4 c3 20.bxc3 bxc3 21.Ra2 Ne5 22.f4 Ng6
23.e5 Rfe8 24.Qf3 Nh4 25.Nxh4 Bxh4 26.Rc2 Qc4 27.Rxc3 Qxa4 28.Ba3 Rad8 29.Bd6
Be7 30.Ra3 Qb5 31.Bxe7 Rxd1+ 32.Qxd1 Rxe7 33.Rxa6 h6 34.Rd6 Qc5+ 35.Kh1 Qb4
36.Rd4 Qc5 37.h4 g5 38.Rd6 Kg7 39.Rf6 gxf4 40.Qg4+ Kf8 41.Qxf4 Qxe5 42.Rxf7+
Ke8 43.Rf8+ Kd7 44.Qxh6 Qa1+ 45.Kh2 Qd4 46.Qf4 Re4 47.Rf7+ Kc6 48.Qf6+ Qxf6
49.Rxf6+ Kd5 50.Kh3 {#r} 1-0

[Event "It (open)"]
[Site "masterchessopen.com Triesen (Liechtenstein)"]
[Date "2007.05.19"]
[Round "9"]
[White "HeraI"]
[Black "Baburin Alexander (IRL)"]
[Result "0-1"]
[WhiteElo "2477"]
[BlackElo "2545"]

1.d4 d5 2.c4 e6 3.Nf3 dxc4 4.e3 c5 5.Bxc4 a6 6.O-O Nf6 7.Qe2 b5 8.Bb3 Bb7 9.a4
Nbd7 10.Rd1 Qb8 11.Nbd2 Bd6 12.h3 O-O 13.Bc2 e5 14.dxc5 Nxc5 15.b3 Re8 16.Ba3
Bc6 17.axb5 axb5 18.Bb2 Rxa1 19.Rxa1 h6 20.Qd1 Bf8 21.Qb1 Qc7 22.Qa2 Nd5
23.Qa5 Qxa5 24.Rxa5 Nb4 25.Bd1 Nbd3 26.Bc3 b4 27.Ba1 Rd8 28.Bc2 f6 29.Kf1 Bb7
30.Nc4 Ba6 31.Nfd2 Nc1 32.Ke1 Bxc4 33.Nxc4 N1xb3 34.Ra7 Nxa1 35.Rxa1 b3 36.Bd1
Rb8 37.Rb1 Rb4 38.Nb2 e4 39.Kd2 f5 40.Ra1 Rb8 41.Na4 Nxa4 {#R} 0-1

[Event "Ch Germany (juniors) (Internet) (under 25) (qual4)"]
[Site "masterchessopen.com Internet"]
[Date "2007.06.13"]
[Round "5"]
[White "Nazarenus Moritz (GER)"]
[Black "Levushkina E (GER)"]
[Result "0-1"]
[WhiteElo "2213"]
[BlackElo "2318"]

1.d4 d5 2.c4 dxc4 3.Nf3 Nf6 4.e3 e6 5.Bxc4 c5 6.O-O a6 7.Qe2 b5 8.Bb3 Bb7
9.Rd1 Nbd7 10.Nc3 Qc7 11.Bd2 Bd6 12.h3 O-O 13.Rac1 Qb6 14.Be1 Be7 15.Bc2 Rfd8
16.Bb1 Rac8 17.Ng5 h6 18.Nf3 cxd4 19.exd4 Nf8 20.Bd2 Bxf3 21.Qxf3 Rxd4 22.Be3
Rxd1+ 23.Rxd1 Qc6 24.Qg3 Kh8 25.Rd4 Bc5 26.Rh4 Bxe3 27.Qxe3 Qc5 28.Qd2 Qe7
29.g3 Ng6 30.Rd4 b4 31.Ne2 a5 32.Bxg6 fxg6 33.Nf4 Qf7 34.Rd6 e5 35.Ne2 Ne4
36.Rd8+ Kh7 {#R} 0-1